| 000 | 00722nam a22002297a 4500 | ||
|---|---|---|---|
| 005 | 20250904144745.0 | ||
| 010 | _aENG-146645 | ||
| 020 |
_a9788175102804 _c500 |
||
| 035 | _aEN 130176 | ||
| 037 | _bDBAD | ||
| 082 | _a371.425 | ||
| 100 |
_aMathur, Dipin _984779 |
||
| 245 |
_aReshaping Business And Management Practices In The Diiltal Era _cDipin Mathur ... [Et.al] |
||
| 260 |
_aNew Delhi _bReliance Books _c2024 |
||
| 270 |
_a6/1 South Patel Nagar, _bNew Delhi _e110053 |
||
| 300 |
_a170p. _c24cm(hb) |
||
| 700 |
_aMathur, Dipin _984780 |
||
| 700 |
_aMehta, Pallavi _984781 |
||
| 700 |
_aShakdwipee, Pushpkant _984782 |
||
| 700 |
_aChawda, Narendra _984783 |
||
| 942 |
_2ddc _cEN _h371.425 _mMAT |
||
| 999 |
_c213345 _d213345 |
||